MAASAI MARA UNIVERSITY

LIBRARY CATALOGUE

Contact Us: +254 020 2685356/7 or 0774 057787

Box: 861-20500, NAROK, KENYA

Email: info@mmarau.ac.ke

John V.Thill (Record no. 4762)

MARC details
000 -LEADER
fixed length control field 00399nam a2200145Ia 4500
008 - FIXED-LENGTH DATA ELEMENTS--GENERAL INFORMATION
fixed length control field 151015s9999 xx 000 0 und d
020 ## - INTERNATIONAL STANDARD BOOK NUMBER
International Standard Book Number 536955697
050 ## - LIBRARY OF CONGRESS CALL NUMBER
Classification number PE1417 .F469 2005
245 ## - TITLE STATEMENT
Title John V.Thill
250 ## - EDITION STATEMENT
Edition statement _Communication I John V.Thill
300 ## - PHYSICAL DESCRIPTION
Extent New Jersey Prentice Hall 2005
500 ## - GENERAL NOTE
General note Includes index.
650 ## - SUBJECT ADDED ENTRY--TOPICAL TERM
Topical term or geographic name as entry element _Communications
700 ## - ADDED ENTRY--PERSONAL NAME
Personal name ^d20130524 12:32:12^oanne

No items available.

© 2016 Maasai Mara University.